<?xml version="1.0" encoding="UTF-8"?>
<collection xmlns="http://www.loc.gov/MARC21/slim">
 <record>
  <leader>00862nab a2200181 i 4500</leader>
  <controlfield tag="001">misc41251</controlfield>
  <controlfield tag="005">20191106140711.0</controlfield>
  <controlfield tag="008">180709s2006    hu      o     0||   zxx d</controlfield>
  <datafield tag="022" ind1=" " ind2=" ">
   <subfield code="a">1215-5233</subfield>
  </datafield>
  <datafield tag="040" ind1=" " ind2=" ">
   <subfield code="a">SZTE Miscellanea Repozitórium</subfield>
   <subfield code="b">hun</subfield>
  </datafield>
  <datafield tag="041" ind1=" " ind2=" ">
   <subfield code="a">zxx</subfield>
  </datafield>
  <datafield tag="100" ind1="2" ind2=" ">
   <subfield code="a">S. Horváth Géza</subfield>
  </datafield>
  <datafield tag="245" ind1="1" ind2="0">
   <subfield code="a">Fiktív vallomás és szövegműködés </subfield>
   <subfield code="h">[elektronikus dokumentum] :</subfield>
   <subfield code="b">Dosztojevszkij: 'Ördögök' /</subfield>
   <subfield code="c"> S. Horváth Géza</subfield>
  </datafield>
  <datafield tag="260" ind1=" " ind2=" ">
   <subfield code="c">2006</subfield>
  </datafield>
  <datafield tag="300" ind1=" " ind2=" ">
   <subfield code="a">28-41</subfield>
  </datafield>
  <datafield tag="490" ind1="0" ind2=" ">
   <subfield code="a">Iskolakultúra</subfield>
   <subfield code="v">16 No. 5</subfield>
  </datafield>
  <datafield tag="520" ind1="3" ind2=" ">
   <subfield code="a">A vallomásos elbeszélés különös világossággal mutat rá a nyelvi működés ama sajátosságára, hogy nem vonható éles határ a reprezentációs (leíró, megjelenítő) nyelvi funkció és a fikcióteremtő potencialitás között.</subfield>
  </datafield>
  <datafield tag="856" ind1="4" ind2="0">
   <subfield code="u">http://misc.bibl.u-szeged.hu/41251/1/EPA00011_iskolakultura_2006_05_028-041.pdf</subfield>
   <subfield code="z">Dokumentum-elérés </subfield>
  </datafield>
 </record>
</collection>
